DC- All Animated Movie Universe Films - Statistics

General Stats
  • This quiz has been taken 107 times
    102 since last reset
  • The average score is 14 of 30
Answer Stats
Answer % Correct
Justice League: War
78%
Son of Batman
71%
Justice League Dark
65%
Batman vs Robin
58%
Justice League: Doom
58%
Teen Titans: The Judas Contract
56%
Wonder Woman
56%
Batman: Bad Blood
55%
Justice League: Throne of Atlantis
54%
Batman: Under The Red Hood
53%
Justice League: The Flashpoint Paradox
53%
Justice League vs Teen Titans
49%
Green Lantern: First Flight
46%
Superman/Batman: Apocalypse
45%
Superman/Batman: Public Enemies
45%
Superman: Doomsday
44%
Batman: Assault On Arkham
42%
Batman: The Dark Knight Returns
42%
Batman: The Killing Joke
42%
All-Star Superman
41%
Batman: Gotham By Gaslight
40%
Green Lantern: Emerald Knights
38%
Justice League: The New Frontier
38%
Batman And Harley Quinn
37%
Batman: Year One
37%
Justice League: Crisis On Two Earths
36%
Superman vs The Elite
35%
Batman: Gotham Knight
33%
Superman: Unbound
31%
Justice League: Gods And Monsters
29%
No matching quizzes found
Score Distribution
Percent of People with Each Score
Percentile by Number Answered
Your Score History
You have not taken this quiz since the last reset